| 000 | 00653nam a2200217 u 4500 | ||
|---|---|---|---|
| 005 | 20240924071244.0 | ||
| 008 | 090527s2000 r 000 0 eng d | ||
| 020 | _a8420712833 (10 dígitos) | ||
| 020 | _a9788420712833 (13 dígitos) | ||
| 035 | _aUPN01000170724 | ||
| 049 | _aI | ||
| 050 | 4 |
_aPZ74.9 _bC3.6 |
|
| 100 | 1 |
_aCansino, Eliacer, _d1954- |
|
| 245 | 1 | 0 |
_aNube y los niños / _cEliacer Cansino ; il. de Federico Delicado. |
| 260 |
_aMadrid : _bAnaya, _c2000. |
||
| 300 |
_a74 p. : _bil. col. |
||
| 440 | 0 |
_aSopa de libros ; _v49 |
|
| 650 | 4 |
_aLibros y lectura para niños _92290 |
|
| 650 | 4 |
_aLiteratura infantil _94445 |
|
| 905 | _aInfantil | ||
| 999 |
_c142829 _d142829 |
||